| 000 | 00698nam a2200265 i 4500 | ||
|---|---|---|---|
| 003 | DO-SdBNP | ||
| 005 | 20250711134542.0 | ||
| 007 | ta | ||
| 008 | 250711b2024 dr ||||| |||| 00| 0 spa d | ||
| 040 |
_aDO-SdBNP _bspa _cBNPHU _erda |
||
| 041 | _aspa | ||
| 082 | 4 |
_aRD864.4209 _bH519zH _222 |
|
| 245 | 0 | 0 | _aHomenaje postumo a Bernarda Jiménez Clemente |
| 264 | 1 |
_aMadrid, España : _bINDEZ, _c2024. |
|
| 300 |
_a35 páginas ; _c22 cm. |
||
| 336 |
_atexto _btxt _2rdacontent |
||
| 337 |
_asin mediación _bn _2rdamedia |
||
| 338 |
_avolumen _bnc _2rdacarrier |
||
| 590 | _aInventariado, 2025/BT | ||
| 600 | _91718 | ||
| 650 | _967 | ||
| 700 | _923599 | ||
| 910 | _aBtavárez | ||
| 942 |
_2ddc _cLBS1 |
||
| 999 |
_c59512 _d59512 |
||